000 00349nam a2200145Ia 4500
005 20251222152007.0
008 251222s9999||||xx |||||||||||||| ||spa||
020 _a9786123220020
082 _a657/A66
100 _aArancibia Cueva, Meguel
245 0 _aAuditorĂ­a Tributaria
250 _a1ra. ed.
264 _bPacĂ­fico Editores
942 _cLIB
999 _c24747
_d24747